000 01061nam a2200265Ia 4500
003 OSt
005 20220923211246.0
006 a|||||r|||| 00| 0
007 ta
008 220922b |||||||| |||| 00| 0 san d
020 _a9788178542676
_c807.5
024 _a284,257
037 _b76, 26/12/2014, Mallika Books
_cTextual
040 _aARTS
_cARTS
_bsan
041 _2san
_asan
082 _aO15,1N30,SH:g, 152Q4
100 _aऋतुबाला; शास्त्री, सत्यव्रत
_9160079
245 0 _aश्रीबोध्सित्त्वचरितम् महाकाव्य
246 _aShrībodhsittvacharitam hinākāvya
260 _aदिल्ली
_b ईस्टर्न बुक लिंकर्स
_c2014
300 _a303पृ0
_ccm.
650 _aसंस्कृत साहित्य
942 _hO15,1N30,SH:g, 152Q4
_cTEXL
_2CC
999 _c297820
_d297820